| 000 | 00713nam a2200205 i 4500 | ||
|---|---|---|---|
| 001 | 103537 | ||
| 003 | ES-MaACL | ||
| 005 | 20230906183406.0 | ||
| 007 | t| | ||
| 008 | 060404s1922 pr ||||1| spa d | ||
| 080 | _a34(460)"11" | ||
| 100 | 1 |
_aRamírez Santibañez, José. _995170 |
|
| 245 | 1 | 0 |
_aAventando cenizas : _b(estudio comparativo entre el Ordenamiento de León de 1188 y la Gran Carta inglesa, 1215) / _cJosé Ramírez Santibáñez. |
| 260 |
_aSan Juan : _b[s.n.], _c1922. |
||
| 300 |
_aIX, 147 p. : _b1 retr. ; _c17 cm. |
||
| 630 | 0 | 0 |
_aMagna Carta. _9172021 |
| 650 | 4 |
_aDerecho- _zLeón (Reino) _9152601 |
|
| 651 | 0 |
_aGran Bretaña- _xHistoria constitucional. _98756 |
|
| 852 |
_aES-MaACL _jC-56823 |
||
| 999 |
_c103537 _d103537 |
||